[Event "Vrnjacka Banja"]
[Site "Vrnjacka Banja"]
[Date "1971.??.??"]
[Round "?"]
[White "Tringov, Georgi P"]
[Black "Vaganian, Rafael A"]
[Result "0-1"]
[WhiteElo "2490"]
[BlackElo "2480"]

1.e4 e6 2.d4 d5 3.Nc3 Bb4 4.e5 Ne7 5.a3 Bxc3+ 6.bxc3 c5 7.a4 Nbc6 8.Nf3 Qa5
9.Qd2 Bd7 10.Bd3 f6 11.exf6 gxf6 12.dxc5 e5 13.Be2 O-O-O 14.O-O Rhg8 15.Kh1 Ng6
16.c4 Qxd2 17.Bxd2 e4 18.Ng1 d4 19.Nh3 Bxh3 20.gxh3 f5 21.Rad1 Nge5 22.Bf4 d3
23.cxd3 exd3 24.Bh5 Rd4 25.Be3 Rh4 26.f4 Nxc4 27.Bf7 Nxe3 28.Bxg8 Nb4 29.Rfe1 Nxd1
30.Rxd1 Rxf4 31.Bxh7 Kd7 32.Kg2 Ke6 33.Kg3 Ke5 34.Bg8 Re4 35.a5 Re3+ 36.Kh4 f4
37.Bh7 Kd4 38.Kg4 f3 39.Kg3 f2+ 40.Kxf2 Rxh3 41.Bf5 Rxh2+ 42.Kg3 Ra2  0-1

[Event "Hoogovens-B"]
[Site "Wijk aan Zee"]
[Date "1971.??.??"]
[Round "?"]
[White "Zuidema, Coenraad"]
[Black "Krabbe, Tim"]
[Result "1/2-1/2"]
[WhiteElo "2420"]
[BlackElo "2300"]

1.e4 e6 2.d4 d5 3.Nc3 Bb4 4.e5 b6 5.Qg4 Bf8 6.Nh3 Qd7 7.Nf4 Nc6 8.Be3 Bb7
9.Bb5 a6 10.Bxc6 Bxc6 11.h4 Nh6 12.Qf3 Ba4 13.Nfxd5 exd5 14.Bxh6 gxh6 15.Nxd5 O-O-O
16.Nf6 Bc6 17.Nxd7 Bxf3 18.gxf3 Rxd7 19.c3 Be7 20.Ke2 Rhd8 21.Ke3 c5 22.Rac1 Kb7
23.Rhd1 Bxh4 24.f4 f5 25.Rh1 Be7 26.Rxh6 cxd4+ 27.cxd4 Rxd4 28.Rxh7 R8d7
29.Kf3 Rd3+ 30.Kg2 Bc5 31.Rch1 Rxh7 32.Rxh7+ Kc6 33.Rh6+ Kc7 34.b4 Bxb4 35.Rf6 Ra3
36.Rxf5 Rxa2 37.Rf7+ Kd8 38.f5 Bc5 39.Kf3 Rxf2+ 40.Ke4 Rd2 41.f6 a5 42.Ra7 Rd7
43.Ra8+ Kc7 44.e6 Rd1 45.e7 Bxe7 46.fxe7 Re1+ 47.Kd5 Rxe7 48.Ra7+ Kd8 49.Ra8+ Kd7
50.Ra6  1/2-1/2

[Event "Islington op"]
[Site "Islington"]
[Date "1972.12.16"]
[Round "2"]
[White "Van der Weide, Piet"]
[Black "Littlewood, Norman"]
[Result "1-0"]
[WhiteElo "2310"]
[BlackElo "2328"]

1.e4 e6 2.d4 d5 3.Nc3 Bb4 4.e5 b6 5.Nf3 Bb7 6.Bd3 Nh6 7.O-O Nc6 8.Ne2 Nf5
9.c3 Be7 10.Bd2 g5 11.Qc2 g4 12.Ne1 Bg5 13.Nf4 Ng7 14.f3 g3 15.hxg3 Qe7 16.Ne2 Bxd2
17.Qxd2 h5 18.Qf4 O-O-O 19.Qh4 Qf8 20.Nc2 Ne8 21.Rae1 Ne7 22.Nf4 c5 23.Nxh5 c4
24.Be2 Nf5 25.Qg5 Rg8 26.Qf4 f6 27.g4 fxe5 28.dxe5 Qc5+ 29.Rf2 Ne7 30.Nd4 Nc7
31.Bd1 Nc6 32.Qe3 Rh8 33.f4 Nxd4 34.cxd4 Qa5 35.f5 Nb5 36.Ref1 Qxa2 37.f6 Qb1
38.f7 Rdf8 39.g5 Nc7 40.Bc2 Qxb2 41.g6 Rxh5 42.g7 Qb4 43.g8=Q  1-0

[Event "Buenos Aires CA"]
[Site "Buenos Aires"]
[Date "1972.??.??"]
[Round "3"]
[White "Juarez, Carlos Eleodoro"]
[Black "Garcia, Raimundo"]
[Result "1-0"]
[WhiteElo "2320"]
[BlackElo "2420"]

1.e4 e6 2.d4 d5 3.Nc3 Bb4 4.e5 Qd7 5.a3 Bxc3+ 6.bxc3 b6 7.a4 Ba6 8.Bxa6 Nxa6
9.Qd3 Nb8 10.Qg3 f5 11.Nf3 Nc6 12.O-O h6 13.Nd2 g5 14.f4 Nge7 15.Nb3 g4 16.Ba3 h5
17.Qd3 Rd8 18.a5 Kf7 19.Bxe7 Nxe7 20.c4 dxc4 21.Qxc4 Qc6 22.Qd3 h4 23.Rf2 g3
24.hxg3 hxg3 25.Rf3 Rh4 26.c4 Rdh8 27.Rxg3 Rxf4 28.Nd2 Rhh4 29.Nf3 Rhg4 30.Rxg4 Rxg4
31.axb6 Qxb6 32.Rb1 Qa6 33.Nh2 Rh4 34.Rc1 Qb6 35.Nf3 Rg4 36.Rb1 Qa6 37.Qb3 Qc6
38.Re1 Ng6 39.d5 Qxc4 40.Ng5+ Ke7 41.Qxc4 Rxc4 42.Nxe6 Re4 43.Rxe4 fxe4 44.Nxc7 Nxe5
45.Nb5 a5 46.Kf2 Nc4 47.Ke2 a4 48.g4 Kf6 49.Kf2 Kg5 50.Kg3 a3 51.Nxa3 Nxa3
52.d6 Kf6 53.g5+ Ke6 54.g6  1-0

[Event "Buenos Aires CA"]
[Site "Buenos Aires"]
[Date "1972.??.??"]
[Round "5"]
[White "Szmetan, Jorge"]
[Black "Rossetto, Hector"]
[Result "0-1"]
[WhiteElo "2365"]
[BlackElo "2465"]

1.e4 e6 2.d4 d5 3.Nc3 Bb4 4.e5 Qd7 5.a3 Bxc3+ 6.bxc3 b6 7.Nh3 Ba6 8.Bxa6 Nxa6
9.Nf4 O-O-O 10.a4 Ne7 11.Qe2 Kb7 12.O-O Nc6 13.Nh5 Rhg8 14.Bg5 Rb8 15.Qb5 Ra8
16.Rfb1 Nab8 17.a5 a6 18.Qd3 h6 19.Be3 Qd8 20.c4 dxc4 21.Qxc4 b5 22.Qd3 Qh4
23.Nf4 Rd8 24.c4 Na7 25.d5 g5 26.g3 Qg4 27.Bxa7 Rxa7 28.cxb5 gxf4 29.b6 cxb6
30.Rxb6+ Ka8 31.d6 fxg3 32.hxg3 Qf5 33.Qd4 Nd7 34.Rab1 f6 35.Qc4 Qf3 36.Qc7 Rg8
37.Qc4 Nxb6 38.Qxe6 Rxg3+ 39.fxg3 Qxg3+ 40.Kh1 Qf3+ 41.Kg1 Rg7+  0-1

[Event "Buenos Aires CA"]
[Site "Buenos Aires"]
[Date "1972.??.??"]
[Round "7"]
[White "Juarez, Carlos Eleodoro"]
[Black "Rossetto, Hector"]
[Result "0-1"]
[WhiteElo "2320"]
[BlackElo "2465"]

1.e4 e6 2.d4 d5 3.Nc3 Bb4 4.e5 Ne7 5.a3 Bxc3+ 6.bxc3 b6 7.Bb5+ c6 8.Bd3 Ba6
9.Bxa6 Nxa6 10.Qd3 Qc8 11.Nh3 Nc7 12.O-O Qa6 13.Qf3 c5 14.Ng5 O-O 15.Qh3 h6
16.Nf3 Qe2 17.Bd2 Qe4 18.Rac1 Nb5 19.a4 Na3 20.Rfe1 Qf5 21.Qxf5 Nxf5 22.g4 Ne7
23.Be3 cxd4 24.cxd4 Rfc8 25.Re2 Rc6 26.c3 Rac8 27.Bd2 Nc4 28.Be1 Ng6 29.Ra2 f6
30.exf6 gxf6 31.Rd1 Kf7 32.Kg2 R8c7 33.Kg3 Nd6 34.Nd2 Rxc3+ 35.f3 Rd3  0-1

[Event "WchT U26"]
[Site "Graz"]
[Date "1972.??.??"]
[Round "1"]
[White "Kristiansen, Jens"]
[Black "Farago, Ivan"]
[Result "1/2-1/2"]
[WhiteElo "2360"]
[BlackElo "2425"]

1.e4 e6 2.d4 d5 3.Nc3 Bb4 4.e5 Ne7 5.a3 Bxc3+ 6.bxc3 c5 7.a4 Nbc6 8.h4 Bd7
9.h5 Qc7 10.Qd2 cxd4 11.cxd4 Nxe5 12.Ba3 Nf5 13.Rb1 Nc4 14.Bxc4 Qxc4 15.Nf3 Qxa4
16.Rb3 Bb5 17.g4 Bc4 18.Rc3 Nd6 19.Qg5 Qa5 20.Bxd6 Qxc3+ 21.Nd2 Qa1+ 22.Nb1 Qa5+
23.Kd1 Kd7 24.Qe7+ Kc6 25.Be5 Qd8 26.Qc5+ Kd7 27.h6 g6 28.Qd6+ Kc8 29.Qc5+ Kd7  1/2-1/2

[Event "WchT U26"]
[Site "Graz"]
[Date "1972.??.??"]
[Round "1"]
[White "Hlousek, Zdenek"]
[Black "Skalkotas, Nikolaos"]
[Result "1-0"]
[WhiteElo "2355"]
[BlackElo "2245"]

1.e4 e6 2.d4 d5 3.Nc3 Bb4 4.e5 Ne7 5.a3 Bxc3+ 6.bxc3 c5 7.Qg4 Qc7 8.Qxg7 Rg8
9.Qxh7 cxd4 10.Ne2 Nbc6 11.f4 Bd7 12.Qd3 dxc3 13.Rb1 Rc8 14.Ng3 Rh8 15.Be2 Na5
16.O-O a6 17.Be3 Bb5 18.Rxb5 axb5 19.Qxb5+ Nac6 20.Bb6 Qd7 21.Nh5 Rxh5 22.Bxh5 Nxe5
23.Qe2 Nc4 24.Bd4 Nd2 25.f5 exf5 26.Qe5 Qc7 27.Qf6 Nxf1 28.Bxf7+ Kd8 29.Bb6 Ne3
30.Qd6+  1-0

[Event "NLD-ch"]
[Site "Leeuwarden"]
[Date "1972.??.??"]
[Round "11"]
[White "Zuidema, Coenraad"]
[Black "Timman, Anton P"]
[Result "1-0"]
[WhiteElo "2430"]
[BlackElo "2325"]

1.e4 e6 2.d4 d5 3.Nc3 Bb4 4.e5 Qd7 5.a3 Bxc3+ 6.bxc3 b6 7.Nh3 Ba6 8.Bxa6 Nxa6
9.Qg4 f5 10.Qh5+ g6 11.Qh4 h6 12.g4 Qf7 13.Rg1 Nb8 14.gxf5 Qxf5 15.Nf4 g5
16.Qh5+ Kd7 17.Ne2 Nc6 18.Rxg5 hxg5 19.Qxh8 Qf3 20.Kf1 Rf8 21.Be3 Nge7 22.Qg7 Rf5
23.Ng3 Qxe3 24.Nxf5 Qh3+ 25.Kg1 Qxf5 26.Re1 Na5 27.Re3 Nc4 28.Rd3 Qg4+ 29.Rg3 Qd1+
30.Kg2 Nd2 31.Kh3 Ne4 32.Rxg5 Qf3+ 33.Rg3 Nxf2+ 34.Kh4 Qf4+ 35.Kh5 Ne4 36.Rg2 Qf5+
37.Kh4 Qf4+ 38.Kh5 a5 39.h4 Qf5+ 40.Kh6 Qf4+ 41.Kh5 Nxc3 42.Rg4 Qf5+ 43.Rg5 Qf3+
44.Kh6 Ne2 45.c3 Qxc3 46.Qf7 Qe3 47.Kg7 Nxd4 48.Kf8 Qf3 49.Qxf3 Nxf3 50.Rg7 Nxh4
51.Rxe7+ Kd8 52.Rxe6 Nf5 53.Kf7 d4 54.Re8+ Kd7 55.e6+  1-0

[Event "URS-chT Moscow"]
[Site "Moscow"]
[Date "1972.??.??"]
[Round "?"]
[White "Listergarten, Leonid B"]
[Black "Katalymov, Boris N"]
[Result "1-0"]
[WhiteElo "2200"]
[BlackElo "2390"]

1.e4 e6 2.d4 d5 3.Nc3 Bb4 4.e5 Qd7 5.a3 Bxc3+ 6.bxc3 b6 7.Qg4 f5 8.Qh5+ Qf7
9.Qf3 Nc6 10.h4 Bb7 11.Nh3 O-O-O 12.h5 Kb8 13.h6 gxh6 14.Nf4 Na5 15.Be2 Qd7
16.Qh5 Rf8 17.Rh3 Bc8 18.Rg3 Nc4 19.a4 Rf7 20.Ba3 Nxa3 21.Rxa3 Rg7 22.Qh4 Rxg3
23.Qxg3 Qf7 24.a5 Ne7 25.c4 Bb7 26.c5 bxc5 27.dxc5 Ka8 28.Bh5 Ng6 29.Bxg6 hxg6
30.Qxg6 Qe7 31.Nxe6 Bc8 32.Qg7 Qxg7 33.Nxg7 Rg8 34.Nh5 Rxg2 35.Nf4 Rg4 36.Nxd5 Re4+
37.Re3 Rxe3+ 38.fxe3 Kb7 39.Nb4 Be6 40.Kf2 c6 41.Kg3 Kc7 42.Kh4 Bf7 43.Kg3 Be8
44.Kf4 Bd7 45.c3 Kb7 46.Kg3 Be6 47.Kh4 Bf7 48.Kg3 Be6 49.Nc2 Ka6 50.Nd4 Bd7
51.e6 Be8 52.Kf4 Kxa5 53.Nxf5 Ka4 54.Nd6 Bh5 55.Ke5 Kb3 56.Nf7 a5 57.Kf6  1-0

[Event "Skopje ol (Men) prel"]
[Site "Skopje"]
[Date "1972.??.??"]
[Round "1"]
[White "Palmer, Bernard"]
[Black "Campos Lopez, Mario"]
[Result "0-1"]
[WhiteElo "2200"]
[BlackElo "2200"]

1.e4 e6 2.d4 d5 3.Nc3 Bb4 4.e5 Qd7 5.a3 Bxc3+ 6.bxc3 b6 7.Nf3 Nc6 8.Bd3 Bb7
9.O-O O-O-O 10.Qe2 f5 11.c4 dxc4 12.Bxc4 Nge7 13.Rd1 Nd5 14.Bxd5 Qxd5 15.c4 Ba6
16.Rd2 Bxc4  0-1

[Event "Skopje ol (Men) prel"]
[Site "Skopje"]
[Date "1972.??.??"]
[Round "3"]
[White "Ciocaltea, Victor"]
[Black "Byrne, Robert E"]
[Result "1/2-1/2"]
[WhiteElo "2470"]
[BlackElo "2560"]

1.e4 e6 2.d4 d5 3.Nc3 Bb4 4.e5 b6 5.Bd2 Ba6 6.Bxa6 Nxa6 7.Qg4 Bf8 8.f4 Ne7
9.Qe2 Nb4 10.Be3 Nf5 11.Bf2 h5 12.a3 Nc6 13.Nf3 Qd7 14.Qa6 Be7 15.b4 f6 16.O-O O-O  1/2-1/2

[Event "Skopje ol (Men) fin-B"]
[Site "Skopje"]
[Date "1972.??.??"]
[Round "3"]
[White "Janetschek, Karl"]
[Black "Geller, Uzi"]
[Result "1-0"]
[WhiteElo "2200"]
[BlackElo "2330"]

1.e4 e6 2.d4 d5 3.Nc3 Bb4 4.e5 Ne7 5.a3 Bxc3+ 6.bxc3 c5 7.a4 Nbc6 8.Nf3 Qa5
9.Bd2 c4 10.g3 Bd7 11.h4 O-O-O 12.Bh3 f6 13.O-O f5 14.Qb1 Rdg8 15.Qb2 h6
16.Rfb1 Qc7 17.Bg2 Nd8 18.Qa3 Be8 19.Ra2 Nec6 20.a5 Qe7 21.a6 Qxa3 22.axb7+ Nxb7
23.Rxa3 Kc7 24.Bc1 Bh5 25.Nd2 g5 26.hxg5 hxg5 27.Bf3 f4 28.Bxh5 Rxh5 29.Kg2 fxg3
30.fxg3 g4 31.Nf1 Rgh8 32.Be3 Nbd8 33.Ra6 Nf7 34.Rb5 Nfd8 35.Bc1 Kc8 36.Ba3 R5h7
37.Bd6 Rb7 38.Rc5 Kd7 39.Ne3 Rg8 40.Ra1 Nf7 41.Rf1 Nxd6 42.exd6 Rb6 43.Rf4 Kxd6
44.Nxg4 a5 45.Nh6 Rg7 46.Nf7+ Rxf7 47.Rxf7 Rb2 48.Kh3 a4 49.Rf8 a3 50.Ra8 a2
51.Ra6 Kd7 52.Rcxc6 a1=Q 53.Rxa1 Kxc6 54.Re1 Kd6 55.Re2 Ke7 56.Rf2 Ra2 57.g4 Ra3
58.Kh4 Rxc3 59.g5 Re3 60.g6 Re1 61.Rf7+ Kd6 62.g7 Rg1 63.Kh5 Rg2 64.c3 Rg3
65.Ra7 Kc6 66.Kh6 Kd6 67.Ra8 Rh3+ 68.Kg6 Rg3+ 69.Kf7 Rf3+ 70.Ke8 Rg3 71.Ra6+  1-0

[Event "Skopje ol (Men) prel"]
[Site "Skopje"]
[Date "1972.??.??"]
[Round "4"]
[White "Choon Foo, LC."]
[Black "Moles, John"]
[Result "0-1"]
[WhiteElo "2200"]
[BlackElo "2270"]

1.e4 e6 2.d4 d5 3.Nc3 Bb4 4.e5 Ne7 5.a3 Bxc3+ 6.bxc3 c5 7.a4 Qc7 8.Qd2 b6
9.Nf3 h6 10.Be2 Ba6 11.Bd3 Bxd3 12.cxd3 Nd7 13.O-O Rc8 14.Ba3 O-O 15.Rfc1 Nc6
16.Qd1 Na5 17.Rab1 f6 18.dxc5 bxc5 19.exf6 Rxf6 20.d4 Nc4 21.Bxc5 Nxc5 22.dxc5 Rcf8
23.Qe2 g5 24.Rf1 Qf4 25.Rbd1 Qc7 26.Nd2 Nxd2 27.Qxd2 Qxc5 28.Qd4 Qc7 29.Qe3 Rc8
30.h4 gxh4 31.Rd4 Qg7 32.Kh1 Rg6 33.Rg1 Kh7 34.Qd3 Kh8 35.c4 Rg8 36.g4 e5
37.Rxd5 Rxg4 38.Rxg4 Qxg4 39.Qf1 e4 40.Qa1+ Rg7 41.Qf1 Qf3+ 42.Kh2 h3  0-1

[Event "Skopje ol (Men) fin-C"]
[Site "Skopje"]
[Date "1972.??.??"]
[Round "6"]
[White "Savadkouhi, Massoud Amir"]
[Black "Bilyap, Siracettin"]
[Result "0-1"]
[WhiteElo "2200"]
[BlackElo "2280"]

1.e4 e6 2.d4 d5 3.Nc3 Bb4 4.e5 Ne7 5.a3 Bxc3+ 6.bxc3 b6 7.a4 Ba6 8.Bxa6 Nxa6
9.Ba3 Ng6 10.g3 Nb8 11.h4 h5 12.Nf3 Nc6 13.O-O Na5 14.Nd2 Qd7 15.c4 dxc4
16.c3 Ne7 17.Qe2 Qd8 18.Rab1 Nec6 19.Rb5 Qd7 20.Nxc4 Nxc4 21.Qxc4 Na5 22.Qd3 Qc6
23.d5 O-O-O 24.Qf3 Rxd5 25.Qxf7 Rd7 26.Qf4 Rhd8 27.Rbb1 Rd3 28.Rfe1 Nc4 29.Bc1 Rf3
30.Qg4 Rf5 31.Qxg7 Nxe5 32.Be3 Nf3+ 33.Kf1 Nxe1 34.Rxe1 Qh1+ 35.Ke2 Qf3+
36.Kf1 Rd2  0-1

[Event "Skopje ol (Men) prel"]
[Site "Skopje"]
[Date "1972.??.??"]
[Round "7"]
[White "Tabba, Manakly"]
[Black "Takahashi, Takayoshi"]
[Result "0-1"]
[WhiteElo "2200"]
[BlackElo "2200"]

1.e4 e6 2.d4 d5 3.Nc3 Bb4 4.e5 Ne7 5.Nf3 c5 6.a3 Bxc3+ 7.bxc3 Nbc6 8.Qd2 c4
9.Bb2 Bd7 10.Be2 Nb8 11.O-O Bc6 12.a4 Qa5 13.Ba3 h6 14.Bb4 Qd8 15.Ne1 Nd7
16.f4 g6 17.Qc1 a5 18.Ba3 O-O 19.f5 Nxf5 20.Bxf8 Qxf8 21.g4 Ne7 22.Rf3 Qg7
23.Rh3 g5 24.Ng2 Ng6 25.Qa3 Nb6 26.Rf3 Nxa4 27.Raf1 Nb6 28.Rf6 Nd7 29.R6f3 a4
30.h4 gxh4 31.Rh3 Qf8 32.Qa2 Qe7 33.Kf2 a3 34.Rfh1 Qg5 35.Nxh4 Nxh4 36.Rxh4 Kg7
37.R4h3 Nf8 38.Rf3 Ng6 39.Kg3 b5 40.Kf2 Be8 41.Kg3 Ra7 42.Kf2 Nf4 43.Rh2 f6
44.exf6+ Qxf6 45.Kg3 Nxe2+ 46.Rxe2 Qg6 47.Re5 Bf7 48.Kf2 Bg8 49.Ke3 Bh7 50.Rf2 Qe8
51.Re2 Be4 52.Rh2 Qf8 53.Rf2 Rf7 54.Rxf7+ Qxf7 55.Rxe4 dxe4 56.Qxa3  0-1

[Event "Skopje ol (Men) fin-D"]
[Site "Skopje"]
[Date "1972.??.??"]
[Round "7"]
[White "Kong, V."]
[Black "Sayed, M."]
[Result "1-0"]
[WhiteElo "2200"]
[BlackElo "2200"]

1.e4 e6 2.d4 d5 3.Nc3 Bb4 4.e5 Ne7 5.Nf3 O-O 6.Bd3 Ng6 7.h4 Re8 8.Bxg6 fxg6
9.Ng5 Qe7 10.h5 h6 11.hxg6 c5 12.Qh5 Rf8 13.Nf7 Rxf7 14.Bxh6 Kf8 15.Bg5 Ke8
16.gxf7+ Qxf7 17.Qh8+ Qf8 18.Qxf8+ Kxf8 19.Rh8+ Kf7 20.Rxc8 cxd4 21.a3 Ba5
22.b4 Bb6 23.Nb5 a5 24.bxa5 Bxa5+ 25.Bd2 Bb6 26.Bb4 Kg6 27.Ke2 Kf5 28.Rb1 Kxe5
29.Bd6+ Kf6 30.Rxb8 Ra4 31.Rxb7 Bd8  1-0

[Event "Skopje ol (Men) fin-C"]
[Site "Skopje"]
[Date "1972.??.??"]
[Round "11"]
[White "Sutton, Richard John"]
[Black "Moles, John"]
[Result "0-1"]
[WhiteElo "2200"]
[BlackElo "2270"]

1.e4 e6 2.d4 d5 3.Nc3 Bb4 4.e5 Ne7 5.a3 Bxc3+ 6.bxc3 c5 7.Nf3 Qc7 8.a4 b6
9.Bb5+ Bd7 10.Bd3 Nbc6 11.O-O h6 12.Re1 O-O 13.Bxh6 gxh6 14.Qd2 Kg7 15.Qf4 Ng8
16.Re3 Nce7 17.Nh4 Ng6 18.Rg3 Be8 19.Re1 c4 20.Bxg6 fxg6 21.Qg4 Ne7 22.Qxe6 Qd7
23.Qxd7 Bxd7 24.Ra1 Rf4 25.Nf3 Nf5 26.Rh3 Nd6 27.Rh4 Rxh4 28.Nxh4 Ne4 29.Ra3 g5
30.Nf3 Rf8  0-1

[Event "JUG-ch"]
[Site "Umag"]
[Date "1972.??.??"]
[Round "10"]
[White "Kurajica, Bojan"]
[Black "Planinec, Albin"]
[Result "0-1"]
[WhiteElo "2455"]
[BlackElo "2510"]

1.e4 e6 2.d4 d5 3.Nc3 Bb4 4.e5 b6 5.Qg4 Bf8 6.a4 Nc6 7.h4 Bb7 8.Nb1 Qd7 9.c3 Na5
10.Nd2 c5 11.dxc5 bxc5 12.Ngf3 O-O-O 13.Bd3 f5 14.Qf4 Ne7 15.O-O h6 16.Bb5 Nac6
17.Nb3 g5 18.Qe3 d4 19.cxd4 Qd5 20.Nxc5 g4 21.Nd2 Nxd4 22.Nxb7 Kxb7 23.Bc4 Qc6
24.Nb3 Kb8 25.Qc3 Nxb3 26.Qxb3+ Ka8 27.Bxe6 Ng6 28.Bf7 Nxh4 29.Qg3 Be7 30.Be3 Rd3
31.Rac1 Qb7 32.Bc4 f4 33.Qxg4 h5 34.Qg7 Rh7 35.Bd5 Qxd5 36.Rc8+ Kb7 37.Rfc1 Nf3+
38.Kf1 Rd1+ 39.Ke2 Ng1+  0-1

[Event "Hoogovens-B"]
[Site "Wijk aan Zee"]
[Date "1972.??.??"]
[Round "?"]
[White "Medina Garcia, Antonio Angel"]
[Black "Sahovic, Dragutin"]
[Result "1/2-1/2"]
[WhiteElo "2380"]
[BlackElo "2345"]

1.e4 e6 2.d4 d5 3.Nc3 Bb4 4.e5 Qd7 5.a3 Bf8 6.Nh3 b6 7.Nf4 Ba6 8.Bxa6 Nxa6
9.Qe2 Nb8 10.O-O Nc6 11.Be3 g6 12.Rad1 Nge7 13.Nb1 Bg7 14.Nd2 Nf5 15.Nf3 Na5
16.Nd3 Nxe3 17.fxe3 O-O 18.e4 Nc4 19.Nd2 Nxd2 20.Rxd2 dxe4 21.Qxe4 Rad8 22.Nf2 c5
23.Ng4 h5 24.Nf6+ Bxf6 25.Rxf6 cxd4 26.Rd3 Kg7 27.Rg3 Qe8 28.Qh4 Rh8 29.h3 Rd5
30.Rf4 Qd8 31.Rg5 Rh7 32.Rf3 Kg8 33.Rfg3 Kh8 34.Qf4 d3 35.cxd3 Rxd3 36.Rxd3 Qxd3
37.Rg3 Qd1+ 38.Kh2 Rg7 39.Qh6+ Kg8 40.Rc3 Qd8 41.Rc6 Rh7 42.Qc1 Kg7 43.Rc7 Qb8
44.Qc6 Rh8 45.Qd7 Rf8 46.Qe7 a5 47.Qf6+ Kg8 48.Rd7 Qc8 49.Rd6 Qc7 50.b4 axb4
51.axb4 b5 52.Rd4 Re8 53.Rd6 Qc4 54.Rd7 Rf8 55.Rd6 h4 56.Rb6 Qc3 57.Qf4 Qc4
58.Qf6 Qxb4 59.Rxe6  1/2-1/2

[Event "Australia op"]
[Site "Australia"]
[Date "1973.??.??"]
[Round "5"]
[White "Melrose, G."]
[Black "Brodie, A."]
[Result "0-1"]
[WhiteElo "2200"]
[BlackElo "2200"]

1.e4 e6 2.d4 d5 3.Nc3 Bb4 4.e5 Qd7 5.a3 Bxc3+ 6.bxc3 b6 7.f4 f5 8.exf6 Nxf6
9.Nf3 O-O 10.Bd3 Ba6 11.Qe2 Bxd3 12.cxd3 c5 13.O-O Nc6 14.dxc5 bxc5 15.a4 Rfe8
16.Ba3 Na5 17.Ne5 Qc7 18.g4 c4 19.d4 Nb3 20.Ra2 Ne4 21.Qe3 Rac8 22.f5 exf5
23.Rxf5 Qb6 24.Re2 Nxc3 25.Qxc3 Nxd4 26.Kf1 Nxe2 27.Kxe2 d4 28.Qb4 Qxb4 29.Bxb4 g6
30.Rg5 h6 31.Rxg6+ Kh7 32.Bd6 Rxe5+ 33.Bxe5 d3+  0-1

[Event "Australia op"]
[Site "Australia"]
[Date "1973.??.??"]
[Round "9"]
[White "Bergmanis, Olgerts"]
[Black "Watson, J."]
[Result "1-0"]
[WhiteElo "2200"]
[BlackElo "2200"]

1.e4 e6 2.d4 d5 3.Nc3 Bb4 4.e5 Qd7 5.a3 Bf8 6.Be3 b6 7.Bd3 Bb7 8.f4 Ne7 9.Nf3 Nbc6
10.O-O f5 11.exf6 gxf6 12.f5 Nxf5 13.Bxf5 exf5 14.Nh4 O-O-O 15.Nxf5 Rg8 16.Qf3 Ne7
17.a4 Kb8 18.a5 Nc8 19.axb6 axb6 20.Bf4 Qc6 21.Qd3 Rd7 22.b3 h5 23.Nb5 Rh8
24.Rfe1 Rf7 25.Re2 Re7 26.Bxc7+  1-0

[Event "HUN-ch"]
[Site "?"]
[Date "1973.??.??"]
[Round "?"]
[White "Sax, Gyula"]
[Black "Farago, Ivan"]
[Result "0-1"]
[WhiteElo "2460"]
[BlackElo "2440"]

1.e4 e6 2.d4 d5 3.Nc3 Bb4 4.e5 Ne7 5.a3 Bxc3+ 6.bxc3 c5 7.Nf3 Qa5 8.Bd2 Bd7
9.Be2 Ba4 10.O-O c4 11.Ng5 h6 12.Nh3 Nbc6 13.f4 O-O-O 14.g4 f5 15.exf6 gxf6
16.f5 e5 17.Be1 Kb8 18.Qc1 Nc8 19.dxe5 fxe5 20.Kh1 Nd6 21.g5 hxg5 22.Nxg5 Rdf8
23.f6 d4 24.cxd4 Qd5+ 25.Bf3 e4 26.Nxe4 Nxd4 27.Bg2 Rxh2+ 28.Kxh2 Rh8+ 29.Bh3 Rxh3+
30.Kxh3 Bd7+  0-1

[Event "London"]
[Site "London"]
[Date "1973.??.??"]
[Round "?"]
[White "Karaklajic, Nikola"]
[Black "Webb, Simon"]
[Result "1/2-1/2"]
[WhiteElo "2420"]
[BlackElo "2330"]

1.e4 e6 2.d4 d5 3.Nc3 Bb4 4.e5 Ne7 5.Qg4 Nf5 6.Bg5 h5 7.Qxf5 exf5 8.Bxd8 Kxd8
9.Ne2 Be6 10.h4 c6 11.a3 Be7 12.Nf4 Kc7 13.Be2 Nd7 14.Bxh5 Rh6 15.g3 Rah8
16.Bf3 g5 17.Nd3 f6 18.exf6 Bxf6 19.Ne2 gxh4 20.gxh4 Rxh4 21.O-O-O Bg5+ 22.Kb1 Nf6
23.Rhg1 Ng4 24.Nef4 Bf7 25.Rde1 R8h6 26.Bd1 Bxf4 27.Re7+ Kc8 28.Bxg4 Rxg4
29.Rxg4 fxg4 30.Rxf7 Rh1+ 31.Ka2 Bd6 32.b4 a6 33.Kb3 g3 34.fxg3 Rg1 35.Rf6 Kc7
36.Rf7+ Kc8 37.a4 Rxg3 38.a5 Re3 39.Rh7 Rg3 40.Kc3 Rg4 41.Rh3 Rg3 42.Rh8+ Kc7
43.Rh7+ Kc8 44.Kb3 Re3 45.Rh1 Rg3 46.Rd1 Kd7 47.c3 Re3 48.Nb2 Kc8 49.Rh1 Re8
50.Na4 Bc7 51.Rh7 Kb8 52.Kc2 Bd6 53.Kd3 Bc7 54.Nc5 Kc8 55.Rf7 Kb8 56.Nd7+ Kc8
57.c4 dxc4+ 58.Kxc4 Rd8 59.Nc5 Re8 60.Rh7 Kb8 61.Rh6 Kc8 62.Rh5 Kb8 63.Nd7+ Kc8
64.Nb6+ Kb8 65.Rh7 Rd8 66.Re7 Rh8 67.Nd7+  1/2-1/2

[Event "Netanya-B"]
[Site "Netanya"]
[Date "1973.??.??"]
[Round "2"]
[White "Lederman, Leon"]
[Black "Ginsberger, Alexander"]
[Result "1-0"]
[WhiteElo "2200"]
[BlackElo "2200"]

1.e4 e6 2.d4 d5 3.Nc3 Bb4 4.e5 Ne7 5.a3 Bxc3+ 6.bxc3 b6 7.a4 Ba6 8.Bxa6 Nxa6
9.Ne2 Nb8 10.Ng3 Nbc6 11.Nh5 Rg8 12.Qg4 Kd7 13.Qf3 Qf8 14.Qd3 Na5 15.g4 f5
16.exf6 gxf6 17.Qxh7 Rg6 18.Ba3 Rh6 19.Qxe7+ Qxe7 20.Bxe7 Kxe7 21.Nf4 Rah8
22.h4 Kd6 23.h5 e5 24.dxe5+ fxe5 25.Ne2 Rg8 26.f3 Nc6 27.Kf2 e4 28.Rag1 exf3
29.Nd4 Nxd4 30.cxd4 Re6 31.Kxf3 Rf8+ 32.Kg3 Re3+ 33.Kh4 Re4 34.h6 Rxd4 35.Kh5 Re4
36.g5 Re5 37.h7 d4 38.Kh6 Rd8 39.g6 Re6 40.Re1 c5 41.Rxe6+  1-0

[Event "Netanya-B"]
[Site "Netanya"]
[Date "1973.??.??"]
[Round "9"]
[White "Levy, David Neil Lawrence"]
[Black "Birnboim, Nathan"]
[Result "1-0"]
[WhiteElo "2350"]
[BlackElo "2200"]

1.e4 e6 2.d4 d5 3.Nc3 Bb4 4.e5 Ne7 5.a3 Bxc3+ 6.bxc3 b6 7.Qg4 Ng6 8.h4 h5
9.Qd1 Ba6 10.Bxa6 Nxa6 11.Bg5 Qd7 12.Qd3 Nb8 13.Ne2 c5 14.O-O Nc6 15.Ng3 Rc8
16.f4 Nce7 17.f5 Nxf5 18.Nxf5 exf5 19.Rxf5 O-O 20.Raf1 cxd4 21.cxd4 Rc4 22.c3 Qc6
23.Qf3 Rxc3 24.Qxh5 Rg3 25.Kh2 Rd3 26.Rf6 gxf6 27.Rxf6 Qc2 28.e6 Qc7+ 29.Kh1 Rxa3
30.exf7+ Rxf7 31.Qxg6+  1-0

[Event "ARG-ch"]
[Site "Santa Fe"]
[Date "1973.??.??"]
[Round "12"]
[White "Aparicio, Anibal"]
[Black "Leskovar, Mario"]
[Result "0-1"]
[WhiteElo "2200"]
[BlackElo "2200"]

1.e4 e6 2.d4 d5 3.Nc3 Bb4 4.e5 b6 5.Qg4 Bf8 6.Bg5 Qd7 7.f4 Ba6 8.Bxa6 Nxa6
9.Qe2 Nb4 10.a3 Nc6 11.Nf3 h6 12.Bh4 h5 13.f5 Nh6 14.fxe6 fxe6 15.O-O-O Nf5
16.g3 a6 17.Qd3 Na5 18.Ng5 g6 19.Kb1 Nc4 20.Nce4 O-O-O 21.Nf6 Qe7 22.Nf3 Qg7
23.Bg5 Be7 24.Ka2 Kb7 25.Bc1 c5 26.b3 Na5 27.dxc5 bxc5 28.Rhe1 Rc8 29.Qc3 Bd8
30.Ng5 Qe7 31.Re2 Nd4 32.Rf2 Rf8 33.h4 Bb6 34.Rdf1 Nf5 35.Qf3 Ka7 36.Bd2 Nc6
37.Nxd5 exd5 38.Qxd5 Rfd8 39.Qc4 Nxe5 40.Qc3 c4 41.Re2 Bd4 42.Qa5 cxb3+ 43.Kxb3 Rc5
44.Qa4 Qb7+  0-1

[Event "Stary Smokovec"]
[Site "Stary Smokovec"]
[Date "1973.??.??"]
[Round "12"]
[White "Bohosjan, Sarkis"]
[Black "Fichtl, Jiri"]
[Result "1-0"]
[WhiteElo "2425"]
[BlackElo "2375"]

1.e4 e6 2.d4 d5 3.Nc3 Bb4 4.e5 Qd7 5.Nf3 b6 6.Bd2 Ba6 7.Bxa6 Nxa6 8.a3 Bxc3
9.Bxc3 c6 10.O-O Ne7 11.Qd3 Nc7 12.b4 h6 13.Bd2 Qc8 14.a4 Qa6 15.Qa3 b5 16.a5 Qc8
17.Ne1 Na6 18.Qb2 Kd7 19.Ra3 Qc7 20.Rh3 Raf8 21.Nd3 Kc8 22.Nf4 Nb8 23.Nh5 Rhg8
24.f4 Nd7 25.g4 f5 26.g5 hxg5 27.fxg5 Ng6 28.Qc3 Kb7 29.Nf4 Nxf4 30.Rxf4 Rh8
31.Rfh4 Qd8 32.Qg3 a6 33.Rh7 Rxh7 34.Rxh7 Qe7 35.c3 Rg8 36.g6 Nf8 37.Rh5 Qe8
38.Rg5 Rh8 39.h4 Nd7 40.h5 Rg8 41.Qh4 Qd8 42.Bf4 Rh8 43.Qh2 c5 44.dxc5 Nxe5
45.Qe2 Nc6 46.Qxe6 Re8 47.Qd6 Re1+ 48.Kh2 Qe8 49.Rg2 Re4 50.Rd2 d4 51.cxd4 Re2+
52.Kg3 Rxd2 53.Bxd2 Qe4 54.Qf4 Qh1 55.Kf2 Qxh5 56.d5 Ne7 57.c6+ Kc8 58.Qe5 Qh4+
59.Ke3 f4+ 60.Kd4 f3+ 61.Ke3 Qh6+ 62.Kxf3 Qh1+ 63.Ke2 Qg2+ 64.Kd1 Qg4+ 65.Kc1 Nxg6
66.Qxg7 Qc4+ 67.Kb2 Qxd5 68.Qb7+  1-0

[Event "URS-ch sf"]
[Site "Tbilisi"]
[Date "1973.??.??"]
[Round "4"]
[White "Kuindzhi, Alexander"]
[Black "Bronstein, David I"]
[Result "0-1"]
[WhiteElo "2200"]
[BlackElo "2570"]

1.e4 e6 2.d4 d5 3.Nc3 Bb4 4.e5 b6 5.Qg4 Bf8 6.Nh3 Qd7 7.Bd2 Nc6 8.a3 Bb7
9.Bd3 O-O-O 10.Ne2 f6 11.f4 Nh6 12.Qf3 Nf5 13.Bxf5 exf5 14.Nf2 Re8 15.Nd3 Nd8
16.Bb4 c5 17.dxc5 a5 18.c6 Nxc6 19.Bxf8 Rhxf8 20.O-O-O fxe5 21.fxe5 Nxe5
22.Nxe5 Rxe5 23.Nd4 Re4 24.Rhf1 g6 25.h4 Rfe8 26.h5 Qa4 27.Qc3+ Kb8 28.hxg6 hxg6
29.Qg3+ Ka8 30.Qxg6 Rc8 31.b3 Qxa3+ 32.Kb1 Qb4 33.Qf6 a4 34.Rxf5 a3 35.Rf3 Re1
36.Rxe1 Qxe1+ 37.Ka2 Qc1 38.Nc6 Qxc2+ 39.Kxa3 Rxc6  0-1

[Event "URS-ch sf"]
[Site "Tbilisi"]
[Date "1973.??.??"]
[Round "7"]
[White "Klovans, Janis"]
[Black "Vaganian, Rafael A"]
[Result "0-1"]
[WhiteElo "2480"]
[BlackElo "2500"]

1.e4 e6 2.d4 d5 3.Nc3 Bb4 4.e5 Ne7 5.a3 Bxc3+ 6.bxc3 c5 7.Nf3 Qa5 8.Bd2 Nbc6
9.a4 Bd7 10.Be2 c4 11.O-O f6 12.exf6 gxf6 13.Nh4 O-O-O 14.Bh5 Ng6 15.Bxg6 hxg6
16.Nxg6 Rh7 17.Qf3 Rf7 18.Bf4 Rg8 19.Nh4 Qd8 20.Qe2 e5 21.Bg3 Qe7 22.Rae1 e4
23.f3 f5 24.fxe4 f4 25.exd5 fxg3 26.Rxf7 gxh2+ 27.Kh1 Qxf7 28.dxc6 Bxc6 29.Rf1 Re8
30.Qg4+ Qe6 31.Qxe6+ Rxe6 32.Ra1 Re3 33.Ra3 Re4 34.Nf3 Re2 35.Ra2 a5 36.Nh4 Be4
37.Kxh2 Rxc2 38.Rxc2 Bxc2 39.g4 b5 40.axb5 a4 41.Nf5 a3 42.Ne7+ Kb7  0-1